00532pam a2200193 a 4500001000800000005001700008008004100025010001700066020003900083040001800122041000800140043001200148080001600160082002000176100000700196101000800203245006300211504006400274158116220171214072339.0931214s1994 nyua b 001 0 eng  a 93046394  a0465016626 :c$26.00 ($36.75 Can.) aDLCcDLCdDLC aeng an-us--- a306.874 LAR00a306.874 LAR2201 a48 aPSI10aDivergent realities :cReed Larson and Maryse H. Richards. aIncludes bibliographical references (p. 299-326) and index.